Les 10 joueurs de foot les plus détesté en France - Statistiques

Statistiques générales
  • Ce quiz a été pris 284 fois
  • Le résultat moyen est 2 sur 10
Statistiques - réponses
Hint Réponse % Correct
2 Martinez
65%
7 Mbappé
57%
1 Materazzi
33%
4 Eder
21%
8 Pepe
14%
10 Rabiot
14%
6 Suarez
13%
3 Costa
5%
5 Greenwood
4%
9 Carvajal
1%
Aucun quiz correspondant
Distribution des résultats
% des personnes avec chaque résultat
Percentile par nombre de réponses
Votre historique - résultats
Vous n’avez pas pris ce quiz